Preliminary exercises in counterpoint
Gespeichert in:
| 1. Verfasser: | |
|---|---|
| Format: | Buch |
| Sprache: | Englisch |
| Veröffentlicht: |
Londres
Faber and Faber
1963
|
| Schlagworte: | |
| Tags: |
Tag hinzufügen
Keine Tags, Fügen Sie den ersten Tag hinzu!
|
MARC
| LEADER | 00000nam a2200000 a 4500 | ||
|---|---|---|---|
| 001 | UCN2613 | ||
| 003 | CL-VaPUC | ||
| 008 | 010531e19630000UK |||||||||||||||||eng|d | ||
| 082 | 0 | 4 | |a 781.286 |b SCH |2 21 |
| 100 | 0 | |a Schönberg, Arnold |e author |9 306737 | |
| 245 | 1 | 0 | |a Preliminary exercises in counterpoint |
| 300 | |a 231 p | ||
| 942 | |c BK | ||
| 945 | |d 20010531 00:00:00 |a crobeson | ||
| 260 | |a Londres |b Faber and Faber |c 1963 | ||
| 650 | 0 | |a Contrapunto |9 306432 | |
| 650 | 7 | |a TEXTURA MUSICAL |2 CL-VaPUC |9 458672 | |
| 650 | 0 | |a Elementos musicales |9 306544 | |
| 583 | |a last modification |c 20010531 00:00:00 |k Rodrigo Vera | ||
| 999 | |c 295667 |d 295665 | ||
| 952 | |0 0 |1 0 |4 0 |6 781_286000000000000_SCH_1963 |7 0 |8 A |9 348965 |a BIBEDU |b BIBEDU |d 2019-11-20 |i 1184245 |o 781.286 SCH 1963 |p 1184245 |r 2023-01-12 |w 2019-11-20 |y BK |k MUS | ||
| 952 | |0 0 |1 0 |4 0 |6 781_286000000000000_SCH_1963 |7 0 |8 A |9 348966 |a BIBEDU |b BIBEDU |d 2019-11-20 |i 118427K |o 781.286 SCH 1963 |p 118427K |r 2022-01-17 |w 2019-11-20 |y BK |k MUS | ||